| 000 | 00800nam a2200205Ia 4500 | ||
|---|---|---|---|
| 005 | 20241216011201.0 | ||
| 008 | 190429s9999||||xx |||||||||||||| ||und|| | ||
| 082 |
_a370.153 _bA57 |
||
| 100 | _aANDAMAYO FLORES MARLITH MARIANELLA | ||
| 245 | 0 | _aINTELIGENCIA EMOCIONAL Y SU RELACION CON LOGROS DEL APRENDIZAJE EN ESTUDIANTES DEL 6°GRADO DE LA INSTITUCION EDUCATIVA EMBLEMATICA N°35002 ZOILA AMORETT DE ODRIA DEL DISTRITO DE CHAUPIMARCA -PASCO | |
| 250 | _a0 | ||
| 260 |
_aCERRO DE PASCO-PERU _bUNDAC _c2015 |
||
| 300 |
_a103 pag. _c30 cm. |
||
| 341 | _h0 | ||
| 490 |
_v0 _a0 |
||
| 505 | _aPROBLEMA DE INVESTIGACION, MARCO TEORICO, METODOLOGIA Y TECNICAS DE INVESTIGACION, RESULTADOS Y DISCUSION | ||
| 541 |
_aD _bANDAMAYO FLORES MARLITH M _d18-Aug-16 _oSoles |
||
| 650 | _a9DOED | ||
| 942 | _cTESIS | ||
| 999 |
_c34926 _d34926 |
||